| 000 | 00454nam a22001457a 4500 | ||
|---|---|---|---|
| 082 | _a004 | ||
| 100 | _aAhmed, Ramsha | ||
| 245 |
_aAn Invisible Non-blind Color Image Watermarking Scheme / _cRamsha Ahmed |
||
| 260 |
_aIslamabad : _bMCS - NUST, _c2016. |
||
| 300 |
_a67 p. ; _c30cm. |
||
| 650 |
_aInformation Security-MS-Thesis _916348 |
||
| 700 |
_aDr. Abdul Ghafoor _916207 |
||
| 942 |
_2ddc _cTHE |
||
| 999 |
_c540910 _d540910 |
||